|
|
|
|
| LEADER |
00000nam0a2200000 4500 |
| 001 |
102256 |
| 005 |
20231031112936.0 |
| 035 |
|
|
|a (RuTPU)RU\TPU\book\110264
|
| 090 |
|
|
|a 102256
|
| 100 |
|
|
|a 20060921d1987 km y0rusy50 ca
|
| 101 |
0 |
|
|a rus
|
| 102 |
|
|
|a RU
|
| 105 |
|
|
|a a z 001zy
|
| 200 |
1 |
|
|a Волоконный оптический гироскоп
|f А. Г. Шереметьев
|
| 210 |
|
|
|a Москва
|c Радио и связь
|d 1987
|
| 215 |
|
|
|a 152 с.
|c ил.
|
| 320 |
|
|
|a Библиогр.: с. 148-150.
|
| 610 |
1 |
|
|a гироскопы
|
| 610 |
1 |
|
|a волоконно-оптический гироскоп
|
| 610 |
1 |
|
|a действие
|
| 610 |
1 |
|
|a конструкция
|
| 610 |
1 |
|
|a свойства
|
| 675 |
|
|
|a 531.383
|v 3
|
| 700 |
|
1 |
|a Шереметьев
|b А. Г.
|g Алексей Григорьевич
|
| 801 |
|
1 |
|a RU
|b 63413507
|c 20060921
|g PSBO
|
| 801 |
|
2 |
|a RU
|b 63413507
|c 20140319
|g PSBO
|
| 942 |
|
|
|c BK
|